header

Ecotourism and biodiversity conservation (Record no. 153124)

MARC details
000 -LEADER
fixed length control field 01449nam a2200361Ia 4500
082 04 - DEWEY DECIMAL CLASSIFICATION NUMBER
Classification number 333.95
100 1# - MAIN ENTRY--AUTHOR NAME
Personal name Rai, Suresh Chand,
245 10 - TITLE STATEMENT
Title Ecotourism and biodiversity conservation
260 ## - PUBLICATION, DISTRIBUTION, ETC. (IMPRINT)
Place of publication New York :
Name of publisher Nova Science Publishers, Inc.,
Year of publication c2012.
300 ## - PHYSICAL DESCRIPTION
Number of Pages xii, 142 p. :
Other physical details ill.
490 1# - SERIES STATEMENT
Series statement Economic issues, problems and perspectives
650 #0 - SUBJECT ADDED ENTRY--TOPICAL TERM
Topical Term Biodiversity conservation.
Topical Term Ecotourism.
856 40 - ELECTRONIC LOCATION AND ACCESS
Uniform Resource Identifier http://site.ebrary.com/lib/rucke/Doc?id=10726569

No items available.

© 2026 Rongo University
Contact us: librarian | system librarian | Rongo university